| 000 | 00467cam a2200193ua 4500 | ||
|---|---|---|---|
| 001 | 3037 | ||
| 008 | 110922n ii |||gr||||Z||||||asm | ||
| 020 | _a81-86494-83-9 | ||
| 040 | _cMAIN | ||
| 082 | _a920 | ||
| 100 | 1 |
_aSaikia, Bipul Jyoti, _eAuthor. |
|
| 245 | 1 | 1 |
_aRamanujan _cby Bipul Jyoti Saikia |
| 250 | _a1st. | ||
| 260 |
_aGuahati: _bStudents stores,998. |
||
| 300 |
_a50p: _c23cm. |
||
| 653 | _aBiography | ||
| 653 | _aBiography of Ramanujan | ||
| 942 | _cBK | ||
| 999 |
_c2885 _d2885 |
||